000 00582nam a22001697a 4500
003 NUST
038 _aNusrat Nadeem
082 _a200
100 _aZar, Abu
_997149
245 _aConditioned-based Robust Nonlinear Controller of DC micro-grid including Renewable Energy Sources & Hybrid Energy Storage System /
_cAbu Zar
264 _aIslamabad :
_bSEECS, NUST,
_c2022.
300 _a70 p. ;
650 _aMS-Electrical Engineering
_923567
700 _aSupervisor: Dr. Iftikhar Ahmad
_997150
856 _uhttp://10.250.8.41:8080/xmlui/handle/123456789/29895
942 _2ddc
_cSC
999 _c590963
_d590963